Statistics for Japanese Katakana

Click here to take the quiz!

General Stats

  • This quiz has been taken 952 times
  • The average score is 57 of 69

Answer Stats

HintAnswer% Correct
ri
98%
a
92%
ga
92%
ha
92%
ba
91%
n
91%
i
90%
me
90%
ka
88%
mi
88%
he
87%
ho
87%
ki
87%
to
86%
ke
85%
mo
85%
mu
85%
pa
85%
e
84%
ko
84%
ru
84%
se
84%
u
84%
be
83%
gi
83%
ni
83%
o
83%
pu
83%
yu
83%
ma
82%
ra
82%
ge
81%
ji
81%
ku
81%
na
81%
re
81%
shi
81%
so
81%
tsu
81%
ze
81%
zu
81%
bo
80%
bu
80%
da
80%
de
80%
pe
80%
pi
80%
po
80%
sa
80%
su
80%
ya
80%
yo
80%
gu
79%
ro
79%
ta
79%
bi
78%
do
78%
go
78%
hi
78%
wa
78%
no
77%
te
77%
za
77%
chi
76%
wo
76%
ne
75%
fu
74%
zo
69%
nu
67%

Score Distribution

Percentile by Number Answered

Percent of People with Each Score

Your Score History

You have not taken this quiz